00412nam a22001337a 450000500170000001000140001703500130003103700130004408200140005724500400007126000420011127001000015330000250025320100804123220.0 aENG-98129 aEN-81662 bDBAD/PUB a343.54071 aThe consumerprotection act, 1986` / aDelhibUniversal Law Publishingc2009 aC-FF-1A, Dilkhush Industrial Estate,(Opp. Hans Cinema, Azadpur) G.T. Karnal RoadbDelhie110033i aiii,64p.c24cm (pbk)